书目信息 |
| 题名: |
实用线性规划及计算机程序
|
|
| 作者: | 何建坤 , 陈松华 , 江道琪 编著 | |
| 分册: | ||
| 出版信息: | 北京 清华大学出版社 1985 |
|
| 页数: | 251页 | |
| 开本: | 26cm | |
| 丛书名: | ||
| 单 册: | ||
| 中图分类: | O221.1 | |
| 科图分类: | ||
| 主题词: | 线性规划 | |
| 电子资源: | ||
| ISBN: | ||
| 000 | 00835nam0 2200265 45 | |
| 001 | 0185009739 | |
| 005 | 20060425150026.71 | |
| 010 | @dCNY2.70 | |
| 091 | @a15235.165 | |
| 100 | @a19900904d1985 em y0chiy0121 ea | |
| 101 | 0 | @achi |
| 102 | @aCN@b110000 | |
| 105 | @ay z 000yy | |
| 200 | 10 | @a实用线性规划及计算机程序@Ashi yong xian xing gui hua ji ji suan ji cheng xu@f何建坤等编著@Fhe jian kun deng bian zhu |
| 210 | @a北京@c清华大学出版社@d1985 | |
| 215 | @a251页@d26cm | |
| 517 | 1 | @a线性规划及计算机程序@Axian xing gui hua ji ji suan ji cheng xu |
| 606 | @a线性规划 | |
| 690 | @aO221.1@v3 | |
| 701 | 0 | @a何建坤@Ahe jian kun@4编著 |
| 701 | 0 | @a陈松华@Achen song hua@4编著 |
| 701 | 0 | @a江道琪@Ajiang dao qi@4编著 |
| 801 | 2 | @aCN@bNLC@c20060425 |
| 801 | 0 | @aCN@b深圳图书馆@c20040906 |
| 905 | @f1@b150750@dO221.1@e41 | |
| 实用线性规划及计算机程序/何建坤等编著.-北京:清华大学出版社,1985 |
| 251页;26cm |
| ISBN :CNY2.70 |
| ● |
| 相关链接 |
|
|
|
|
正题名:实用线性规划及计算机程序
索取号:O221.1/41
 
预约/预借
| 序号 | 登录号 | 条形码 | 馆藏地/架位号 | 状态 | 备注 |
| 1 | 0150750 | 001946979 | 第二样本阅览室/ [索取号:O221.1/41] | 在馆 | |
| 2 | 0150751 | 202262880 | 密集书库/ [索取号:O221.1/41] | 在馆 |